Zrkadlo férového odmeňovania zamestnancov v školstve vo svetle aktuálnych legislatívnych zmien

Enregistré dans:
Détails bibliographiques
Auteur principal: Pavelka, Ľuboš, 1962-
Format: Chapitre de livre
Langue:slovaque
Sujets:
Tags: Ajouter un tag
Pas de tags, Soyez le premier à ajouter un tag!

MARC

LEADER 00000naa a2200000 4500
001 0248559
005 20240502073957.6
041 0 |a slo 
044 |a SK 
245 1 0 |a Zrkadlo férového odmeňovania zamestnancov v školstve vo svetle aktuálnych legislatívnych zmien  |c Ľuboš Pavelka 
610 2 0 |a školstvo 
610 2 0 |a zamestnanci 
610 2 0 |a učitelia 
610 2 0 |a zamestnávatelia 
610 2 0 |a odmeňovanie 
610 2 0 |a sporenie dôchodkové doplnkové 
610 2 0 |a fond sociálny 
610 2 0 |a financie 
100 1 |a Pavelka, Ľuboš, 1962-